| 000 | 00978nam a2200205Ii 4500 | ||
|---|---|---|---|
| 003 | JO-AjNU | ||
| 008 | 230605s9999||||xx |||||||||||||| ||und|| | ||
| 020 | _a978-9953-78-303-1 | ||
| 040 |
_aJO-AjNU _bara _erda _cJO-AjNU |
||
| 041 | _aara | ||
| 050 | 1 | 4 | _aCB53.D8712 2010 |
| 100 | 3 |
_aديورانت، ول وايريل؛ ترجمة فؤاد اندراوس؛ مراجعة علي ادهم, _eauthor _960446 |
|
| 245 | 0 | 0 | _aقصة الحضارة: اوروبا الوسطى ج37-38، مجلد 9، الجزء الثالث |
| 264 | 3 | 1 | _aبيروت،تونس: دار الجيل للنشر والطباعة والتوزيع،المنظمة العربية للتربية والثقافة والعلوم، 2010 |
| 300 |
_aج 37-،38 ،مج9، الجزء الثالث: 285ص _b ويحتوي على قائمة مراجع |
||
| 336 |
_atext _btxt _2rdacontent |
||
| 337 |
_aunmediated _bn _2rdamedia |
||
| 338 |
_avolume _bnc _2rdacarrier |
||
| 650 | 4 |
_aالحضارة-تاريخ _960447 |
|
| 999 |
_aA27257 _c30825 _d30825 |
||